| 000 | 00696nam a22001937a 4500 | ||
|---|---|---|---|
| 003 | NUST-PNEC | ||
| 005 | 20170116180708.0 | ||
| 008 | 141001b xxu||||| |||| 00| 0 eng d | ||
| 022 | _aB0007ERA8E | ||
| 040 | _cPNEC | ||
| 082 | _a669.10'202 HOR | ||
| 100 |
_9449 _aHorger, Oscar J. |
||
| 245 |
_aMetals engineering design (ASME handbook) _cOscar J. Horger |
||
| 260 |
_aNew York _bMcGraw-Hill Book Company _cc1995. |
||
| 300 |
_a619 p. : _bill. ; _c25 cm. |
||
| 500 | _aIncludes Index http://www.amazon.com/Metals-engineering-design-ASME-handbook/dp/B0007ERA8E/ref=sr_1_2?s=books&ie=UTF8&qid=1412142427&sr=1-2&keywords=ASME+HANDBOOK+METALS+ENGINEERING+DESIGN | ||
| 650 | _xME | ||
| 942 |
_2ddc _cBK |
||
| 999 |
_c60837 _d60837 |
||